Normal view
MARC view
Entry Topical Term
001 - CONTROL NUMBER
- control field: 55008
003 - CONTROL NUMBER IDENTIFIER
- control field: OSt
005 - DATE AND TIME OF LATEST TRANSACTION
- control field: 20241010142605.0
008 - FIXED-LENGTH DATA ELEMENTS
- fixed length control field: 241010|| aca||aabn | a|a d
040 ## - CATALOGING SOURCE
- Original cataloging agency: OSt
- Transcribing agency: OSt
150 ## - HEADING--TOPICAL TERM
- Topical term or geographic name entry element: ကုသိနာရုံဆံတော်ရှင်ဘုရား
- Form subdivision: သမိုင်း
- Geographic subdivision: မွန်ပြည်နယ်
670 ## - SOURCE DATA FOUND
- Source citation: Work cat.: (OSt)16786: စေတနာ၊ မောင် 17382, မွန်ပြည်နယ် ဘီးလင်းမြို့နယ် ဆကေသမဟာဓာတုဝင် ကုသိနာရုံဆံတော်ရှင် ဘုရားသမိုင်း /, ၁၉၉၆။